000 00688nam a2200301Ia 4500
005 20260401122447.0
008 008 250103s9999 xx 000 0 eng d
020 _a9781107685642
037 _aTB
040 _aEDL
040 _beng
040 _cEDL
041 _2eng
041 _aeng
084 _a822.3GOS
084 _qEDL
100 _aEdited by Gossett, Suzanne
_91233690
245 0 _aThomas Middleton in Context
245 0 _cEdited by Gossett, Suzanne
260 _aCambridge
260 _bCambridge University Press
260 _c2011
300 _a386p
942 _cTB
942 _h822.3GOS
999 _c1847423
_d1847423